| 000 | 00419nam a2200145 a 4500 | ||
|---|---|---|---|
| 001 | 2022 | ||
| 003 | CDMR | ||
| 005 | 20130318103615.0 | ||
| 008 | 130130s1998||||||||||||||||||||||||||||d | ||
| 040 |
_aCDMR _bcat _cCPC LLEIDA |
||
| 100 | 1 |
_aRoig Nadal, Miquel _91508 |
|
| 245 | 1 | 3 |
_aLa festa major de Lleida, cartells i fotografies 1863-1997 _cROIG NADAL, Miquel |
| 260 |
_aLleida _c1998 _bAjuntament de Lleida |
||
| 942 |
_cMON _2udc |
||
| 999 |
_c2022 _d2022 |
||